000 00702cam a22002291 4500
001 2644099
003 OSt
005 20230622122622.0
008 740520s1967 nyu b 000 0 eng
010 _a 67012797
040 _aDLC
_cDLC
_dDLC
043 _an-us---
082 0 0 _a329.02
_bNIC
100 1 _aNichols, Roy F.
_q(Roy Franklin),
_d1896-1973.
245 1 4 _aThe invention of the American political parties,
_cby Roy F. Nichols.
260 _aNew York,
_bMacmillan
_c[1967]
300 _axii, 416 p.
_c24 cm.
504 _a"Bibliographical notes": p. 393-400.
650 0 _aPolitical parties
_zUnited States
_xHistory.
906 _a7
_bcbc
_corignew
_du
_eocip
_f19
_gy-gencatlg
942 _2ddc
_cBK
999 _c2342
_d2342